| 000 | 01217nam a22003377a 4500 | ||
|---|---|---|---|
| 082 |
_a923.1097 _bNIX _cD |
||
| 100 | _aNixon, Richard | ||
| 245 | _aRichard Nixon in the Arena a memoir of victory defeat and renewal/ | ||
| 260 |
_aLahore: _bArmy Education Press; _cc1991 |
||
| 300 |
_a450p, _c16cm |
||
| 526 |
_a0 _b0 _c0 _d923_109700000000000_NIX |
||
| 526 |
_a0 _b0 _c0 _d923_109700000000000_NIX |
||
| 526 |
_a0 _b0 _c0 _d923_109700000000000_NIX |
||
| 526 |
_a0 _b0 _c0 _d923_109700000000000_NIX |
||
| 526 |
_a0 _b0 _c0 _d923_109700000000000_NIX |
||
| 526 |
_a0 _b0 _c0 _d923_109700000000000_NIX |
||
| 526 |
_a0 _b0 _c0 _d923_109700000000000_NIX |
||
| 526 |
_a0 _b0 _c0 _d923_109700000000000_NIX |
||
| 526 |
_a0 _b0 _c0 _d923_109700000000000_NIX |
||
| 526 |
_a0 _b0 _c0 _d923_109700000000000_NIX |
||
| 526 |
_a0 _b0 _c0 _d923_109700000000000_NIX |
||
| 526 |
_a0 _b0 _c0 _d923_109700000000000_NIX |
||
| 526 |
_a0 _b0 _c0 _d923_109700000000000_NIX |
||
| 526 |
_a0 _b0 _c0 _d923_109700000000000_NIX |
||
| 526 |
_a0 _b0 _c0 _d923_109700000000000_NIX |
||
| 526 |
_a0 _b0 _c0 _d923_109700000000000_NIX |
||
| 526 |
_a0 _b0 _c0 _d923_109700000000000_NIX |
||
| 526 |
_a0 _b0 _c0 _d923_109700000000000_NIX |
||
| 650 |
_aMCE _9379 |
||
| 942 |
_2ddc _cBK |
||
| 999 |
_c549474 _d549474 |
||